The productivity effects of employee stock-ownership plans and bonuses (Registro nro. 28079)
[ vista simple ]
| 000 -LEADER | |
|---|---|
| fixed length control field | 00388 a2200121 4500 |
| 001 - CONTROL NUMBER | |
| control field | ART_46283 |
| 005 - DATE AND TIME OF LATEST TRANSACTION | |
| control field | 20260410161925.0 |
| 008 - FIXED-LENGTH DATA ELEMENTS--GENERAL INFORMATION | |
| fixed length control field | 260409a |
| 100 1# - MAIN ENTRY--PERSONAL NAME | |
| Personal name | Jones, Derek |
| 245 10 - TITLE STATEMENT | |
| Title | The productivity effects of employee stock-ownership plans and bonuses |
| 700 1# - ADDED ENTRY--PERSONAL NAME | |
| Personal name | Kato, Takao |
| 773 0# - HOST ITEM ENTRY | |
| Title | The American Economic Review |
| Related parts | - Vol. 85, Nº 3 (jun. 1995) |
| Record control number | REV16190 |
No hay ítems disponibles.